Место особо-охраняемых природных территорий Российской Федерации в социально-экономическом развитии регионов; Проблемы геологии и освоения недр; Т. 2

Detalles Bibliográficos
Parent link:Проблемы геологии и освоения недр: труды XXII Международного симпозиума имени академика М. А. Усова студентов и молодых ученых, посвященного 155-летию со дня рождения академика В.А. Обручева, 135-летию со дня рождения академика М.А. Усова, основателей Сибирской горно-геологической школы, и 110-летию первого выпуска горных инженеров в Сибири, Томск, 2-7 апреля 2018 г./ Национальный исследовательский Томский политехнический университет, Инженерная школа природных ресурсов ; под ред. А. С. Боева.— , 2018
Т. 2.— 2018.— [С. 752-753]
Autor principal: Дулько А. Б.
Autor Corporativo: Национальный исследовательский Томский политехнический университет Школа инженерного предпринимательства
Otros Autores: Третьяков В. С. (научный руководитель), Пожарницкая О. В. Ольга Вячеславовна
Sumario:Заглавие с экрана
Lenguaje:ruso
Publicado: 2018
Colección:Экономика минерального и углеводородного сырья. Горное право
Materias:
Acceso en línea:http://earchive.tpu.ru/handle/11683/51231
Formato: MixedMaterials Electrónico Capítulo de libro
KOHA link:https://koha.lib.tpu.ru/cgi-bin/koha/opac-detail.pl?biblionumber=628144

MARC

LEADER 00000naa2a2200000 4500
001 628144
005 20231101133509.0
035 |a (RuTPU)RU\TPU\conf\28263 
035 |a RU\TPU\conf\28253 
090 |a 628144 
100 |a 20181015d2018 k y0rusy50 ca 
101 0 |a rus 
102 |a RU 
105 |a y z 100zy 
135 |a drgn ---uucaa 
181 0 |a i  
182 0 |a b 
200 1 |a Место особо-охраняемых природных территорий Российской Федерации в социально-экономическом развитии регионов  |f А. Б. Дулько, В. С. Третьяков  |g науч. рук. О. В. Пожарницкая 
203 |a Текст  |c электронный 
225 1 |a Экономика минерального и углеводородного сырья. Горное право 
230 |a 1 компьютерный файл (pdf; 544 Kb) 
300 |a Заглавие с экрана 
320 |a [Библиогр.: с. 753 (6 назв.)] 
461 1 |0 (RuTPU)RU\TPU\conf\27247  |t Проблемы геологии и освоения недр  |o труды XXII Международного симпозиума имени академика М. А. Усова студентов и молодых ученых, посвященного 155-летию со дня рождения академика В.А. Обручева, 135-летию со дня рождения академика М.А. Усова, основателей Сибирской горно-геологической школы, и 110-летию первого выпуска горных инженеров в Сибири, Томск, 2-7 апреля 2018 г.  |o в 2 т.  |f Национальный исследовательский Томский политехнический университет, Инженерная школа природных ресурсов ; под ред. А. С. Боева  |d 2018 
463 1 |0 (RuTPU)RU\TPU\conf\27249  |t Т. 2  |v [С. 752-753]  |d 2018 
610 1 |a труды учёных ТПУ 
610 1 |a электронный ресурс 
610 1 |a охраняемые природные территории 
610 1 |a природные территории 
610 1 |a Российская Федерация 
610 1 |a социально-экономическое развитие 
610 1 |a регионы 
610 1 |a экотуризм 
700 1 |a Дулько  |b А. Б. 
701 1 |a Третьяков  |b В. С. 
702 1 |a Пожарницкая  |b О. В.  |c экономист  |c доцент Томского политехнического университета, кандидат экономических наук  |f 1972-  |g Ольга Вячеславовна  |2 stltpush  |4 727 
712 0 2 |a Национальный исследовательский Томский политехнический университет  |b Школа инженерного предпринимательства  |c (2017- )  |h 7949  |2 stltpush  |3 (RuTPU)RU\TPU\col\23544 
801 2 |a RU  |b 63413507  |c 20181026  |g RCR 
856 4 |u http://earchive.tpu.ru/handle/11683/51231 
942 |c BK